| 000 | 00391nam a2200145Ia 4500 | ||
|---|---|---|---|
| 008 | 211109s9999||||xx |||||||||||||| ||und|| | ||
| 082 |
_a894.8121 _bKUR-T |
||
| 100 | _aKurup, O N V | ||
| 245 | 0 | _aThonnuvaksharangal | |
| 260 |
_bDC Books _aKottayam _c1900 |
||
| 300 | _a80p | ||
| 630 | _xGENERAL STACK | ||
| 650 |
_aMALAYALAM _vMALAYALAM LITERATURE _xMALAYALAM POETRYMalayalam |
||
| 942 | _cBOOK | ||
| 999 |
_c41240 _d41240 |
||